Manažérstvo životného prostredia 2006 6. konferencia so zahraničnou účasťou : Trnava, 24.-25. február 2006 : zborník referátov II. diel

Bibliographic Details
Corporate Author: Manažérstvo životného prostredia Trnava, Slovensko
Other Authors: Rusko, Miroslav, 1953-2025 (Editor), Balog, Karol, 1949- (Editor)
Format: Conference Proceeding Book
Language:Slovak
Czech
English
PhysicalDescription:S. 322-547 fotogr., grafy, mp., sch., tab. 29 cm
Published: Žilina STRIX 2006
ISBN:8089281028 (brož.)
Edition:1. vyd.
Subjects:

MARC

LEADER 00000cam a2200000 a 4500
001 vtls010693006
003 SK-MaSNL
005 20260301145817.0
008 250414s2006 xo dbl f 100 0 slo
015 |a SNBA2013 
020 |a 8089281028 (brož.)  |z 80892810208 
035 |a ef2f977e-91ab-4b9e-a6f6-6f77616b85cc 
035 |a urn:nbn:sk:snk-amjrww 
035 |a urn:nbn:sk:snk:ar-a0bo6z 
040 |a SNK  |b slo  |c SNK  |e AACR2 
041 0 |a slo  |a cze  |a eng  |b slo  |b cze  |b eng 
044 |a xo  |c SK 
072 7 |a 502  |x Životné prostredie a jeho ochrana  |2 konspekt 
080 |a 502.13  |2 2001 
080 |a 502.17  |2 2001 
080 |a (062.534)  |2 2001 
080 |a 502.131.1  |2 2001 
111 2 |a Manažérstvo životného prostredia  |n (6. :  |d 2006 :  |c Trnava, Slovensko)  |9 183404 
245 0 0 |a Manažérstvo životného prostredia 2006  |b 6. konferencia so zahraničnou účasťou : Trnava, 24.-25. február 2006 : zborník referátov  |n II. diel  |c [editori: Miroslav Rusko, Karol Balog] 
246 1 1 |a Management of Environment 2006 
250 |a 1. vyd. 
260 |a Žilina  |b STRIX  |c 2006 
300 |a S. 322-547  |b fotogr., grafy, mp., sch., tab.  |c 29 cm 
366 |e 100 výt. 
500 |a Vydané v spolupráci s KEBI STU v Trnave a SSŽP pri ZSVTS v Bratislave 
504 |a Bibliogr. odkazy 
546 |a Text aj čes. a angl. Res. slov., čes. a angl. 
650 0 7 |a environmentálny manažment  |2 SNKPH  |9 3638 
650 0 7 |a Environmental management  |2 SNKPHeng  |9 306245 
650 0 7 |a ochrana životného prostredia  |2 SNKPH  |9 3352 
650 0 7 |a Environmental protection  |2 SNKPHeng  |9 265610 
650 0 7 |a trvalo udržateľný rozvoj  |2 SNKPH  |9 3353 
650 0 7 |a Sustainable development  |2 SNKPHeng  |9 265066 
655 7 |a zborníky konferencií  |2 SNKPH  |9 70153 
655 7 |a Proceedings of conferences  |2 SNKPHeng  |9 265791 
655 7 |a issue_zb  |2 SNK  |9 276493 
700 1 |a Rusko, Miroslav,  |d 1953-2025  |4 edt  |9 258475 
700 1 |a Balog, Karol,  |d 1949-  |4 edt  |9 213978 
852 |a Slovenská národná knižnica 
919 |a 80-89281-02-8 
954 |a odborná, vedecká literatúra pôvodná (slovenská)  |2 lita 
954 |a odborná, vedecká literatúra cudzojazyčná (svetová)  |2 lita 
958 |a ART 
958 |a NB 
958 |a OND 
999 |c 781431  |d 783361 
952 |a SNK  |b SNK  |y PREZ  |7 0  |p 17A1055027  |o snkSB 83711/2  |i snk2012/21291  |8 0  |0 0  |1 0  |4 0  |d 2015-07-16  |l 0  |r 2025-05-06 00:00:00  |w 2026-02-24 
952 |a SNK  |b SNK  |y VYP  |7 0  |p 17A1055028  |o snkSB 83711/2 D1  |i snk2012/21292  |8 0  |0 0  |1 0  |4 0  |d 2015-07-16  |l 0  |r 2016-06-30 00:00:00  |w 2026-02-24